[Event "Krasnograd Christmas op"]
[Site "Krasnograd"]
[Date "2018.01.20"]
[Round "9"]
[White "Yushinov, Nikolay"]
[Black "Sadykov, Iljas"]
[Result "1/2-1/2"]
[WhiteElo "2220"]
[BlackElo "2255"]
[PlyCount "28"]
[EventDate "2018.01.15"]
[EventType "swiss"]
[EventRounds "9"]
[EventCountry "UKR"]
[SourceTitle "CBM 182 Extra"]
[Source "ChessBase"]
[SourceDate "2018.02.23"]
[SourceVersion "1"]
[SourceVersionDate "2018.02.23"]
[SourceQuality "1"]

1. e4 e5 2. Nf3 Nf6 3. Nc3 Nc6 4. Bb5 Bb4 5. 0-0 0-0 6. d3 d6 7. Bg5 Bxc3 8. bxc3 Qe7 9. Re1 Nd8 10. d4 Ne6 11. Bc1 c5 12. Bf1 Rd8 13. g3 Qc7 14. d5 Nf8 1/2-1/2

[Event "Krasnograd Christmas op"]
[Site "Krasnograd"]
[Date "2018.01.17"]
[Round "5"]
[White "Sadykov, Iljas"]
[Black "Lopez Ortiz, Juan"]
[Result "0-1"]
[WhiteElo "2255"]
[BlackElo "2218"]
[PlyCount "98"]
[EventDate "2018.01.15"]
[EventType "swiss"]
[EventRounds "9"]
[EventCountry "UKR"]
[SourceTitle "CBM 182 Extra"]
[Source "ChessBase"]
[SourceDate "2018.02.23"]
[SourceVersion "1"]
[SourceVersionDate "2018.02.23"]
[SourceQuality "1"]

1. e4 c5 2. Nf3 d6 3. d4 cxd4 4. Nxd4 Nf6 5. Nc3 g6 6. Be3 Bg7 7. f3 0-0 8. Qd2 Nc6 9. Bc4 Bd7 10. 0-0-0 Rc8 11. Bb3 Ne5 12. h4 Nc4 13. Bxc4 Rxc4 14. h5 Nxh5 15. g4 Nf6 16. Bh6 Nxe4 17. Qe3 Rxc3 18. bxc3 Nf6 19. Bxg7 Kxg7 20. Qh6+ Kh8 21. Nf5 Bxf5 22. gxf5 Rg8 23. fxg6 Rxg6 24. Qe3 a6 25. Rhe1 e6 26. c4 Qc7 27. Qd4 Kg7 28. Qxd6 Qxc4 29. Kb2 h5 30. Qe7 h4 31. Qxb7 h3 32. Rh1 Rg2 33. Qb3 Qe2 34. Qc3 h2 35. Kb1 Kg6 36. Rc1 Qb5+ 37. Qb3 Qe5 38. c4 Qf5+ 39. Ka1 Nh5 40. c5 Nf4 41. c6 Nd3 42. c7 Qe5+ 43. Qc3 Qxc3+ 44. Rxc3 Rg1+ 45. Rc1 Rxc1+ 46. Rxc1 Nxc1 47. c8Q h1Q 48. Qg8+ Kf6 49. Qd8+ Kf5 0-1

[Event "Pavlodar op"]
[Site "Pavlodar"]
[Date "2015.12.13"]
[Round "7"]
[White "Mezentsev, Ivan"]
[Black "Sadykov, Iljas"]
[Result "1-0"]
[WhiteElo "2117"]
[BlackElo "2240"]
[PlyCount "45"]
[EventDate "2015.12.07"]
[EventType "swiss"]
[EventRounds "10"]
[EventCountry "KAZ"]
[SourceTitle "EXT 2017"]
[Source "ChessBase"]
[SourceDate "2016.10.25"]
[SourceVersion "1"]
[SourceVersionDate "2016.10.25"]
[SourceQuality "1"]

1. d4 f5 2. e4 fxe4 3. Nc3 Nf6 4. Bg5 c6 5. f3 Qa5 6. Qd2 e5 7. fxe4 exd4 8. Bxf6 gxf6 9. Qxd4 Be7 10. Bc4 b5 11. Bb3 b4 12. Nb1 Qe5 13. Nf3 Qxd4 14. Nxd4 Bc5 15. Ne2 f5 16. Nd2 Rf8 17. Rf1 fxe4 18. Rxf8+ Bxf8 19. Nxe4 d5 20. Nf6+ Kf7 21. Nxd5 cxd5 22. Bxd5+ Be6 23. Bxa8 1-0

[Event "Pavlodar op"]
[Site "Pavlodar"]
[Date "2015.12.11"]
[Round "6"]
[White "Sadykov, Iljas"]
[Black "Abdilkhair, Abilmansur"]
[Result "1-0"]
[WhiteElo "2240"]
[BlackElo "1867"]
[PlyCount "101"]
[EventDate "2015.12.07"]
[EventType "swiss"]
[EventRounds "10"]
[EventCountry "KAZ"]
[SourceTitle "EXT 2017"]
[Source "ChessBase"]
[SourceDate "2016.10.25"]
[SourceVersion "1"]
[SourceVersionDate "2016.10.25"]
[SourceQuality "1"]

1. d4 Nf6 2. Nf3 d6 3. Nc3 Bg4 4. e4 Nbd7 5. e5 dxe5 6. dxe5 Ng8 7. h3 Bxf3 8. Qxf3 c6 9. e6 fxe6 10. Be3 Ngf6 11. 0-0-0 Qc7 12. Kb1 Nd5 13. Nxd5 exd5 14. c4 e6 15. cxd5 exd5 16. Bf4 Bd6 17. Re1+ Kd8 18. Bg5+ Kc8 19. Bd3 g6 20. Qf7 Qb6 21. Qe6 Kc7 22. Be3 d4 23. Bg5 Rhf8 24. Re2 Nc5 25. Qc4 Nxd3 26. Qxd3 Qc5 27. Bh6 Qf5 28. Kc2 Rf7 29. Rhe1 Bb4 30. Rd1 Rd8 31. f4 Rd5 32. Qxf5 Rfxf5 33. g4 Rf7 34. Kd3 Bd6 35. Rf1 c5 36. Re8 b5 37. b3 Re7 38. Re1 Kd7 39. R1xe7+ Bxe7 40. Ra8 c4+ 41. bxc4 bxc4+ 42. Kxc4 d3 43. Rxa7+ Ke8 44. Kxd5 d2 45. Ke6 d1Q 46. Rxe7+ Kd8 47. Bg5 Qe2+ 48. Kf7 Qxa2+ 49. Kg7 Kc8 50. Kxh7 Qg2 51. h4 1-0

[Event "Pavlodar op"]
[Site "Pavlodar"]
[Date "2013.12.17"]
[Round "8"]
[White "Sadykov, Iljas"]
[Black "Zhigalko, Andrey"]
[Result "0-1"]
[WhiteElo "2231"]
[BlackElo "2628"]
[PlyCount "110"]
[EventDate "2013.12.10"]
[EventType "swiss"]
[EventRounds "10"]
[EventCountry "KAZ"]
[SourceTitle "CBM 158 Extra"]
[Source "ChessBase"]
[SourceDate "2014.02.28"]
[SourceVersion "1"]
[SourceVersionDate "2014.02.28"]
[SourceQuality "1"]

1. d4 Nf6 2. Nf3 c5 3. e3 d5 4. c4 cxd4 5. exd4 g6 6. Nc3 Bg7 7. cxd5 Nxd5 8. Bc4 Nxc3 9. bxc3 Qc7 10. Qe2 0-0 11. 0-0 Nc6 12. Bb3 Na5 13. Bd2 b6 14. Rfe1 e6 15. h4 Bb7 16. h5 Qc6 17. hxg6 hxg6 18. Rac1 Rac8 19. Bc2 Rfd8 20. Bg5 Rd7 21. Bd3 Qd5 22. c4 Qd6 23. d5 exd5 24. cxd5 Rxc1 25. Qe8+ Bf8 26. Rxc1 Qxd5 27. Bf1 Bc6 28. Qc8 Qd6 29. Rc3 Qc7 30. Qe8 Rd1 31. Qe2 Qd6 32. Ne5 Rxf1+ 33. Kxf1 Bb5 34. Nd3 Qd4 35. Bd2 Bb4 36. Rc8+ Kh7 37. Kg1 Bxd3 38. Qe8 Bxd2 39. Qxf7+ Qg7 40. Qxg7+ Kxg7 41. Rd8 Bc4 42. Rxd2 Kf6 43. f3 Ke5 44. Kf2 Bd5 45. Re2+ Kd6 46. Kg3 Nc6 47. Kf4 Nd4 48. Rd2 Ne6+ 49. Ke3 g5 50. g3 Ng7 51. Kf2 b5 52. a3 a5 53. Rd4 Ne6 54. Rg4 Bb3 55. Ke3 Bc2 0-1

[Event "Pavlodar op"]
[Site "Pavlodar"]
[Date "2013.12.16"]
[Round "7"]
[White "Gnusarev, Pavel"]
[Black "Sadykov, Iljas"]
[Result "1/2-1/2"]
[WhiteElo "2369"]
[BlackElo "2231"]
[PlyCount "33"]
[EventDate "2013.12.10"]
[EventType "swiss"]
[EventRounds "10"]
[EventCountry "KAZ"]
[SourceTitle "CBM 158 Extra"]
[Source "ChessBase"]
[SourceDate "2014.02.28"]
[SourceVersion "1"]
[SourceVersionDate "2014.02.28"]
[SourceQuality "1"]

1. d4 d5 2. c4 dxc4 3. e3 e5 4. Bxc4 exd4 5. exd4 Nf6 6. Nf3 Bd6 7. 0-0 0-0 8. Nc3 Nc6 9. Bg5 h6 10. Bh4 Bg4 11. Re1 Bxf3 12. Qxf3 Nxd4 13. Qd3 c5 14. Ne4 Be7 15. Bxf6 Bxf6 16. Nxc5 b5 17. Bxb5 1/2-1/2